Julie and the Phantoms - Unsaid Emily Lyrics - Statistics

General Stats
  • This quiz has been taken 405 times
  • The average score is 214 of 260
Answer Stats
AnswerLove % Correct
a
98%
I
98%
i
98%
the
98%
Then
95%
then
95%
Things
94%
things
94%
all
93%
of
93%
First
93%
first
93%
in
93%
of
93%
to
91%
could
90%
Emily
90%
go
90%
my
90%
reverse
90%
start
90%
that
90%
Unsaid
90%
We
90%
If
89%
if
89%
No
88%
one
88%
us
88%
You
88%
you
88%
scene
87%
do
86%
for
86%
Time
86%
time
86%
have
85%
me
85%
mind
85%
out
85%
should
85%
words
85%
And
84%
and
84%
back
84%
but
84%
from
84%
had
84%
much
84%
never
84%
too
84%
just
83%
lines
83%
take
83%
around
82%
let
82%
pride
82%
running
82%
When
82%
Love
81%
rehearsed
80%
turned
80%
got
78%
know
78%
only
78%
broken
77%
Didn't
77%
every
77%
get
77%
regret
77%
space
77%
empty
76%
goodbyes
76%
loud
76%
replace
76%
apologize
75%
most
74%
He
73%
meant
73%
Pieces
73%
Are
72%
are
72%
leave
72%
write
72%
not
71%
ones
71%
erase
70%
would
69%
said
68%
lies
66%
she
66%
head
65%
clock
64%
maybe
61%
conversations
60%
be
57%
days
57%
Disappeared
56%
Silent
56%
mistakes
55%
where
55%
break
52%
forever
52%
stay
52%
way
52%
we're
52%
guess
51%
alike
49%
Who'd
45%
gonna
42%
that's
41%
they're
38%
mysteries
26%
No matching quizzes found
Score Distribution
Percent of People with Each Score
Percentile by Number Answered
Your Score History
You have not taken this quiz